The exceptional individual : psychological and educational aspects /
Saved in:
| Main Author: | |
|---|---|
| Format: | Book |
| Language: | English |
| Published: |
Englewood Cliffs, N.J. :
Prentice-Hall,
1967.
|
| Tags: |
Add Tag
No Tags, Be the first to tag this record!
|
| LEADER | 00768cam a2200205 a 4500 | ||
|---|---|---|---|
| 001 | u192089 | ||
| 003 | SIRSI | ||
| 008 | 920630s1967 ilu 000 0 eng | ||
| 035 | |a AAW-9527 | ||
| 040 | |a UMM | ||
| 090 | |a LC3965 |b Tel | ||
| 100 | 1 | 0 | |a Telford, Charles Witt. |
| 245 | 1 | 4 | |a The exceptional individual : |b psychological and educational aspects / |c by Charles W. Telford and James M. Sawrey. |
| 260 | |a Englewood Cliffs, N.J. : |b Prentice-Hall, |c 1967. | ||
| 300 | |a x, 482 p ; |c 24 cm. | ||
| 504 | |a Bibliography: p. |a Includes bibliographical references. | ||
| 948 | |a 30/06/1992 |b 31/07/1992 | ||
| 596 | |a 1 | ||
| 999 | |a F LB1058 S55WON |w LC |c 1 |i A010891468 |l STACKS |m P01UTAMA |r Y |s Y |t TESIS |u 19/12/1991 | ||
| 999 | |a LC3965 TEL |w LC |c 1 |i A508292502 |l DISCARD |m P01UTAMA |r Y |s Y |t BUKU |u 14/7/1994 | ||
